Collection Le signe de l'art

Saved in:  
Bibliographic Details
Format: Print Series/Journal
Language:French
Subito Delivery Service: Order now.
Check availability: HBZ Gateway
WorldCat: WorldCat
Interlibrary Loan:Für eine Fernleihe wählen Sie bitte zuerst einen Band oder Aufsatz aus.
Published: Paris Klincksieck 1967-1975
In:Year: 1967
Volumes / Articles:Show volumes/articles.
Further subjects:B Publication series

MARC

LEADER 00000cas a2200000 c 4500
001 170425401
003 DE-627
005 20250307102820.0
007 tu
008 941105d19671975fr z| m| 0 |0fre c
016 7 |a 015871045  |2 DE-101 
016 7 |a 1055396-4  |2 DE-600 
035 |a (DE-627)170425401 
035 |a (DE-576)003077381 
035 |a (DE-599)ZDB1055396-4 
035 |a (OCoLC)1185923021 
040 |a DE-627  |b ger  |c DE-627  |e rakwb 
041 |a fre 
044 |c XA-FR 
082 0 4 |a 700  |q DE-600 
245 0 0 |a Collection Le signe de l'art 
247 1 0 |a Le signe de l'art  |f Hauptsacht. teils 
264 3 1 |a Paris  |b Klincksieck  |c 1967-1975 
336 |a Text  |b txt  |2 rdacontent 
337 |a ohne Hilfsmittel zu benutzen  |b n  |2 rdamedia 
338 |a Band  |b nc  |2 rdacarrier 
362 0 |a 1.1967 - 11.1975[?] 
363 0 0 |a 1  |i 1967 
363 1 0 |a 11  |i 1975 
655 7 |a Monografische Reihe  |0 (DE-588)4179998-7  |0 (DE-627)104628669  |0 (DE-576)209995106  |2 gnd-content 
889 |w (DE-603)055998364 
935 |a mteo 
935 |i sdedup20221020 
951 |a ST 
ELC |b 1 
ITA |a 1  |t 1 
LOK |0 000 xxxxxcx a22 zn 4500 
LOK |0 001 2023190495 
LOK |0 003 DE-627 
LOK |0 004 170425401 
LOK |0 005 19990331000000 
LOK |0 008 990331||||||||||||||||ger||||||| 
LOK |0 040   |a DE-21  |c DE-627  |d DE-21 
LOK |0 852   |a DE-21 
LOK |0 852 1  |9 00 
LOK |0 935   |a konv 
LOK |0 939   |a 31-03-99  |b l01 
LOK |0 000 xxxxxcx a22 zn 4500 
LOK |0 001 2023190509 
LOK |0 003 DE-627 
LOK |0 004 170425401 
LOK |0 005 19970609000000 
LOK |0 008 970609||||||||||||||||ger||||||| 
LOK |0 040   |a DE-21-31  |c DE-627  |d DE-21-31 
LOK |0 852   |a DE-21-31 
LOK |0 852 1  |c Einzelsignatur  |m p  |9 00 
LOK |0 938   |k p 
LOK |0 939   |a 09-06-97  |b l01 
LOK |0 000 xxxxxcx a22 zn 4500 
LOK |0 001 2023190517 
LOK |0 003 DE-627 
LOK |0 004 170425401 
LOK |0 005 19960501000000 
LOK |0 008 860320||||||||||||||||ger||||||| 
LOK |0 035   |a (DE-21-108)82e270983 
LOK |0 040   |a DE-21-108  |c DE-627  |d DE-21-108 
LOK |0 092   |o l 
LOK |0 852   |a DE-21-108 
LOK |0 852 1  |m p  |9 00 
LOK |0 938   |k p 
LOK |0 939   |a 20-03-86  |b l01 
LOK |0 000 xxxxxcx a22 zn 4500 
LOK |0 001 2023190525 
LOK |0 003 DE-627 
LOK |0 004 170425401 
LOK |0 005 20050426000000 
LOK |0 008 050426||||||||||||||||ger||||||| 
LOK |0 040   |a DE-21-22  |c DE-627  |d DE-21-22 
LOK |0 852   |a DE-21-22 
LOK |0 852 1  |m p  |9 00 
LOK |0 935   |a i022  |a k022 
LOK |0 938   |k p 
LOK |0 939   |a 26-04-05  |b l01 
LOK |0 000 xxxxxcx a22 zn 4500 
LOK |0 001 2572789914 
LOK |0 003 DE-627 
LOK |0 004 170425401 
LOK |0 005 20080605113548 
LOK |0 008 080605||||||||||||||||ger||||||| 
LOK |0 040   |a DE-21-32b  |c DE-627  |d DE-21-32b 
LOK |0 852   |a DE-21-32b 
LOK |0 852 1  |m p  |9 00 
LOK |0 935   |a k32b  |a kneu 
LOK |0 938   |k p 
LOK |0 939   |a 05-06-08  |b l01 
ORI |a SA-MARC-ixtheoa001.raw 
REL |a 1 
SPR |a 1  |t IXT  |t REL 
SUB |a REL